书目信息 |
| 题名: |
黄金故事
|
|
| 作者: | 胡洗铭 编著 | |
| 分册: | ||
| 出版信息: | 北京 中国经济出版社 2004.06 |
|
| 页数: | 253页 | |
| 开本: | 19cm | |
| 丛书名: | ||
| 单 册: | ||
| 中图分类: | C913.1 | |
| 科图分类: | ||
| 主题词: | 社会生活 , 社会问题 | |
| 电子资源: | ||
| ISBN: | 7-5017-6306-2 | |
| 000 | 00629nam0 2200229 450 | |
| 001 | 0778150704 | |
| 005 | 20071212214317.40 | |
| 010 | @a7-5017-6306-2@dCNY18.00 | |
| 100 | @a20071212d2004 km y0chiy0120 ea | |
| 101 | 0 | @achi |
| 102 | @aCN@b110000 | |
| 200 | 1 | @a黄金故事@Ahuang jin gu shi@f胡洗铭编著@Fhu xi ming bian zhu |
| 210 | @a北京@c中国经济出版社@d2004.06 | |
| 215 | @a253页@d19cm | |
| 300 | @a爱情版 | |
| 606 | 0 | @a社会生活 |
| 606 | 0 | @a社会问题 |
| 690 | @aC913.1@v4 | |
| 701 | 0 | @a胡洗铭@Ahu xi ming@4编著 |
| 801 | 0 | @aCN@b大连网信软件有限公司图书馆@c20071212 |
| 905 | @aBZT@dC913.1@e13 | |
| 906 | @dCNY18.00@n0@r1 | |
| 黄金故事/胡洗铭编著.-北京:中国经济出版社,2004.06 |
| 253页;19cm |
| 爱情版 |
| ISBN 7-5017-6306-2:CNY18.00 |
| ● |
| 相关链接 |
|
|
|
正题名:黄金故事
索取号:C913.1/13
 
预约/预借
| 序号 | 登录号 | 条形码 | 馆藏地/架位号 | 状态 | 备注 |
| 1 | 604314 | 2000604314 | 中心书库南/009架A面2层2列/ [索取号:C913.1/13] | 在馆 | |
| 2 | 604315 | 2000604315 | 中心书库南/009架A面2层2列/ [索取号:C913.1/13] | 在馆 | |
| 3 | 604316 | 2000604316 | 中心书库南/009架A面2层2列/ [索取号:C913.1/13] | 在馆 | |
| 4 | 604317 | 2000604317 | 中心书库南/009架A面2层2列/ [索取号:C913.1/13] | 在馆 | |
| 5 | 604318 | 2000604318 | 中心书库南/009架A面2层2列/ [索取号:C913.1/13] | 在馆 |